| 000 | 00944nam0a2200265 4500 | ||
|---|---|---|---|
| 001 | RU\NLR\bibl\796278 | ||
| 005 | 20260405074203.0 | ||
| 035 | _a(NLR Aleph) 000785478 | ||
| 090 |
_a1088799 _c1088799 |
||
| 100 | _a20050506d2004 |||y0rusy50 ca | ||
| 101 | 0 | _arus | |
| 102 | _aRU | ||
| 105 | _ay ||||||||| | ||
| 200 | 1 |
_aРусская национальная идея: из прошлого в будущее _fС.Д. Мезенцев |
|
| 210 |
_aМосква _cБлаговестник _d2004 |
||
| 215 |
_a44 с. _cил. _d21 |
||
| 320 | _aБиблиогр. в подстроч. примеч. | ||
| 606 | 1 |
_a"Русская идея" _91562965 _3RU\NLR\auth\66984097 |
|
| 686 | _aТ3(2)0-72 | ||
| 700 | 1 |
_4070 _8rus _7ca _aМезенцев _bС. Д. _f1966- _gСергей Дмитриевич _3RU\NLR\auth\7726040 _99084 |
|
| 801 | 0 |
_aRU _bNLR _c20050506 _gPSBO |
|
| 801 | 1 |
_aRU _bNLR _c20050506 |
|
| 942 | _cBOOK | ||
| 980 | _aNB | ||